[Event "Sao Paulo Hebraica op 24th"]
[Site "Sao Paulo"]
[Date "2017.01.13"]
[Round "2"]
[White "Kojima, Fukashi"]
[Black "Mendes, Rodrigo Machado"]
[Result "0-1"]
[WhiteElo "1595"]
[BlackElo "1997"]
[PlyCount "78"]
[EventDate "2017.01.13"]
[EventType "swiss"]
[EventRounds "6"]
[EventCountry "BRA"]
[SourceTitle "CBM 176 Extra"]
[Source "ChessBase"]
[SourceDate "2017.03.02"]
[SourceVersion "1"]
[SourceVersionDate "2017.03.02"]
[SourceQuality "1"]

1. Nf3 d5 2. c4 e6 3. b3 Nf6 4. Bb2 c5 5. e3 Nc6 6. g3 Be7 7. Bg2 0-0 8. 0-0 Nb4 9. d4 dxc4 10. bxc4 Qc7 11. a3 Na6 12. Nc3 cxd4 13. Nb5 Qxc4 14. Nbxd4 Nc5 15. Ne5 Qa6 16. Qc2 Na4 17. Bc3 Nxc3 18. Qxc3 Bd6 19. Nc4 Bc7 20. Rab1 Rb8 21. Nb5 Bd8 22. Ne5 h6 23. Rfd1 Qa4 24. Rd4 Qa5 25. Rdb4 Be7 26. Nc4 Bxb4 27. Rxb4 Qd8 28. Nxa7 Qd1+ 29. Bf1 Nd5 30. Qe5 Ra8 31. Nb2 Qe1 32. Rg4 f6 33. Qd4 Nc3 34. Qc5 Bd7 35. Kg2 f5 36. Rd4 Ne4 37. Qc2 Rf7 38. Nd3 Qa5 39. Ra4 Qxa4 0-1

[Event "Paulista-ch"]
[Site "Sao Paulo"]
[Date "2016.11.??"]
[Round "6"]
[White "Kojima, Fukashi"]
[Black "Costa, Iaggo Bernini"]
[Result "1/2-1/2"]
[WhiteElo "1619"]
[BlackElo "1393"]
[PlyCount "98"]
[EventDate "2016.11.09"]
[EventType "swiss"]
[EventRounds "6"]
[EventCountry "BRA"]
[SourceTitle "EXT 2022"]
[Source "ChessBase"]
[SourceDate "2021.10.06"]
[SourceVersion "1"]
[SourceVersionDate "2021.10.06"]
[SourceQuality "1"]

1. Nf3 Nf6 2. g3 g6 3. Bg2 Bg7 4. c4 d6 5. Nc3 0-0 6. b3 Bf5 7. Bb2 Nc6 8. d3 Qd7 9. h4 Rab8 10. Qd2 Rfe8 11. e4 Bg4 12. 0-0 Bh3 13. Rad1 Bxg2 14. Kxg2 e5 15. Nd5 Nxd5 16. cxd5 Ne7 17. Rh1 Kh8 18. Ng5 Ng8 19. Qe2 Nf6 20. Bc1 Kg8 21. f3 c6 22. dxc6 Qxc6 23. Be3 b6 24. Rc1 Qb5 25. Rc7 Rf8 26. Rxa7 Rbc8 27. Rb7 Rc6 28. Rc1 Rxc1 29. Bxc1 Qa6 30. Rc7 b5 31. Qc2 d5 32. Rc6 Qb7 33. Nh3 dxe4 34. dxe4 Re8 35. Nf2 Qd7 36. Be3 Ra8 37. Rc7 Qd6 38. a4 bxa4 39. bxa4 h5 40. Rc8+ Rxc8 41. Qxc8+ Kh7 42. a5 Qa3 43. Bb6 Qb2 44. Bd8 Qe2 45. a6 Ng4 46. Bb6 Nxf2 47. Bxf2 Bh6 48. Qc5 Qxa6 49. Qxe5 Qe2 1/2-1/2